Loossemble all songs(2023-2024 update) - Statistics

General Stats
  • This quiz has been taken 23 times
    10 since last reset
  • The average score is 12 of 20
Answer Stats
Hint Answer % Correct
Loossemble Newtopia
83%
TTYL Secret Diary
83%
Loossemble Sensitive
83%
Loossemble Strawberry Soda
83%
TTYL TTYL
83%
Loossemble Colouring
67%
TTYL Cotton Candy
67%
Loossemble Day by Day
67%
One of a Kind Girls' Night
67%
TTYL Hocus Pocus
67%
One of a Kind Moonlight
67%
One of a Kind Starlight
67%
One of a Kind Truman Show
67%
One of a Kind Boomerang
50%
TTYL Confessions
50%
One of a Kind He Said I Said
50%
Loossemble Real World
50%
One of a Kind A Butterfly's Signal
33%
Loossemble Searching for their Friends
33%
TTYL FANATICISM
17%
No matching quizzes found
Score Distribution
Percent of People with Each Score
Percentile by Number Answered
Your Score History
You have not taken this quiz since the last reset